000 00276nam a2200121 a 4500
005 20140414093838.0
008 030930s19uu xx 00 eng d
050 _aCDR 004.5
_bADO 2000
245 _aAdobe font folio.
650 _aCD-ROM.
942 _cAVM
999 _c109151
_d109151